Welcome to WEB OPAC of MRSPTU Central Library

Operating system (Record no. 505)

MARC details
000 -LEADER
fixed length control field 00418nam a2200181Ia 4500
008 - FIXED-LENGTH DATA ELEMENTS--GENERAL INFORMATION
fixed length control field 230711s9999||||xx |||||||||||||| ||und||
020 ## - INTERNATIONAL STANDARD BOOK NUMBER
International Standard Book Number 978-81-317-1289-4
041 ## - LANGUAGE CODE
Language code of text/sound track or separate title ENG
082 ## - DEWEY DECIMAL CLASSIFICATION NUMBER
Classification number 5.43
Item number DE-O
100 ## - MAIN ENTRY--PERSONAL NAME
Personal name Deitel,Harvey M
245 #0 - TITLE STATEMENT
Title Operating system
250 ## - EDITION STATEMENT
Edition statement 3rd
260 ## - PUBLICATION, DISTRIBUTION, ETC.
Date of publication, distribution, etc. 2004
Place of publication, distribution, etc. New Delhi
Name of publisher, distributor, etc. Pearson
300 ## - PHYSICAL DESCRIPTION
Extent 1209
650 ## - SUBJECT ADDED ENTRY--TOPICAL TERM
Topical term or geographic name entry element Computer Engineering
700 ## - ADDED ENTRY--PERSONAL NAME
Personal name Deitel,Paul J
942 ## - ADDED ENTRY ELEMENTS (KOHA)
Koha item type Book
Holdings
Withdrawn status Lost status Damaged status Not for loan Collection Home library Current library Date acquired Total checkouts Full call number Barcode Date last seen Price effective from Koha item type Date last checked out
          MRSPTU Central Library MRSPTU Central Library     5.43 DE-O 2397 08/17/2023 08/17/2023 Book  
          MRSPTU Central Library MRSPTU Central Library   1 5.43 DE-O 18919 04/16/2026 08/17/2023 Book 03/25/2026
          MRSPTU Central Library MRSPTU Central Library     5.43 DE-O 18920 08/17/2023 08/17/2023 Book  
          MRSPTU Central Library MRSPTU Central Library     5.43 DE-O 18921 08/17/2023 08/17/2023 Book  
          MRSPTU Central Library MRSPTU Central Library     5.43 DE-O PBB2397 08/17/2023 08/17/2023 Book  

Website Designed and Developed by MRSPTU Central Library Team

E-mail Id: librarian@mrsptu.ac.in